The Kargil Conflict 1999 (Record no. 15952)
[ view plain ]
| 000 -LEADER | |
|---|---|
| fixed length control field | 00440nam a22001457a 4500 |
| 020 ## - INTERNATIONAL STANDARD BOOK NUMBER | |
| International Standard Book Number | 9698772006 |
| 082 ## - DEWEY DECIMAL CLASSIFICATION NUMBER | |
| Classification number | 954.6052 |
| Author Mark | MAZ 2003 |
| 100 ## - MAIN ENTRY--PERSONAL NAME | |
| Personal name | Shireen M Mazari |
| 245 ## - TITLE STATEMENT | |
| Title | The Kargil Conflict 1999 |
| 260 ## - PUBLICATION, DISTRIBUTION, ETC. | |
| Place of publication, distribution, etc. | Islamabad |
| Name of publisher, distributor, etc. | The Institute of Strategic Studies Islamabad |
| Date of publication, distribution, etc. | 2003 |
| 300 ## - PHYSICAL DESCRIPTION | |
| Extent | 162 |
| Accompanying material | 24cm |
| 520 ## - SUMMARY, ETC. | |
| Summary, etc. | Post-Simla Developments along the LOC, Post-1998 Nuclearisation of South Asia |
| 700 ## - ADDED ENTRY--PERSONAL NAME | |
| Personal name | Shireen M Mazari |
| 942 ## - ADDED ENTRY ELEMENTS (KOHA) | |
| Koha item type | Book |
| Withdrawn status | Lost status | Damaged status | Not for loan | Collection code | Permanent Location | Current Location | Shelving location | Date acquired | Total Checkouts | Full call number | Barcode | Date last seen | Price effective from | Koha item type |
|---|---|---|---|---|---|---|---|---|---|---|---|---|---|---|
| Centre for International Peace & Stability (CIPS) | Centre for International Peace & Stability (CIPS) | 10/03/2013 | 954.6052 MAZ 2003 | CIPS0002463 | 12/17/2013 | 12/17/2013 | Book | |||||||
| Centre for International Peace & Stability (CIPS) | Centre for International Peace & Stability (CIPS) | General Stacks | 04/01/2016 | 954.6052 MAZ 2003 | CIPSD0000424 | 04/01/2016 | 04/01/2016 | Book |
